Cuentos con brujas /
Guardado en:
| Autor Principal: | |
|---|---|
| Otros Autores: | |
| Formato: | Libro |
| Publicado: |
Buenos Aires :
Libros del Quirquincho,
1991.
|
| Edición: | 1a ed. |
| Materias: | |
| Etiquetas: |
Agregar Etiqueta
Sin Etiquetas, Sea el primero en etiquetar este registro!
|
| LEADER | 00795nam a22002175a 4500 | ||
|---|---|---|---|
| 001 | CEM.cems020307 | ||
| 008 | 230804s1991##################000#0#####d | ||
| 005 | 20230808181226.0 | ||
| 245 | 1 | 0 | |a Cuentos con brujas / |c Graciela Beatriz Cabal ; ilustrado por Oscar Rojas. |
| 250 | |a 1a ed. | ||
| 260 | |a Buenos Aires : |b Libros del Quirquincho, |c 1991. | ||
| 300 | |a 48 p. | ||
| 505 | 0 | |a La cueva de las brujas -- Brujerías y un domingo siete | |
| 020 | |a 9507370322 | ||
| 100 | 1 | |a Cabal, Graciela Beatriz. | |
| 700 | 1 | |a Rojas, Oscar; il. | |
| 653 | |a Literatura argentina | ||
| 653 | |a Narrativa argentina | ||
| 653 | |a Literatura infantil y juvenil | ||
| 859 | |a CEMS |b BIB. CEMS - Inicial y Primaria |h A868.3 |i C111-5 |k IP |p 522 |t Ej.1 | ||
| 859 | |a CEMS |b BIB. CEMS - Inicial y Primaria |h A868.3 |i C111-5 |k IP |p 6306 |t Ej.2 | ||
